书目信息 |
| 题名: |
不锈钢及其热处理
|
|
| 作者: | 陈德和 编著 | |
| 分册: | ||
| 出版信息: | 北京 机械工业出版社 1973.10 |
|
| 页数: | 61页 | |
| 开本: | 19cm | |
| 丛书名: | 机械工人学习材料 | |
| 单 册: | ||
| 中图分类: | TG142.7 | |
| 科图分类: | ||
| 主题词: | 金属材料 | |
| 电子资源: | ||
| ISBN: | ||
| 000 | 00650nam0 2200229 45 | |
| 001 | 0310231050 | |
| 005 | 20060417095840.34 | |
| 010 | @dCNY0.16 | |
| 091 | @a15033.4213 | |
| 100 | @a20031023d1973 km y0chiy0120 ea | |
| 101 | 0 | @achi |
| 200 | 1 | @a不锈钢及其热处理@ABu Xiu Gang Ji Qi Re Chu Li@e热处理@ERe Chu Li@f陈德和编著@FChen De He Bian Zhu |
| 210 | @a北京@c机械工业出版社@d1973.10 | |
| 215 | @a61页@d19cm | |
| 225 | @a机械工人学习材料 | |
| 410 | @12001 @a机械工人学习材料 | |
| 517 | @a热处理@ARe Chu Li | |
| 606 | 0 | @a金属材料 |
| 690 | @aTG142.7@v3 | |
| 701 | 0 | @a陈德和@4编著 |
| 801 | @aCN@bTSTC@c20060417 | |
| 905 | @f1@b17673@dTG142.7@e3 | |
| 不锈钢及其热处理:热处理/陈德和编著.-北京:机械工业出版社,1973.10 |
| 61页;19cm.-(机械工人学习材料) |
| ISBN :CNY0.16 |
| ● |
| 相关链接 |
|
|
|
|
正题名:不锈钢及其热处理
索取号:TG142.7/3
 
预约/预借
| 序号 | 登录号 | 条形码 | 馆藏地/架位号 | 状态 | 备注 |
| 1 | 0017668 | 202463538 | 密集书库/ [索取号:TG142.7/3] | 在馆 | |
| 2 | 0017669 | 202260524 | 密集书库/ [索取号:TG142.7/3] | 在馆 | |
| 3 | 0017672 | 202230175 | 密集书库/ [索取号:TG142.7/3] | 在馆 | |
| 4 | 0017673 | 001520107 | 密集书库/ [索取号:TG142.7/3] | 在馆 |